书目信息 |
| 题名: |
列宁为科学社会主义与工人运动相结合而斗争
|
|
| 作者: | 巴甫洛夫报告 | |
| 分册: | ||
| 出版信息: | 北京 中国人民大学出版社 1957 |
|
| 页数: | 121页 | |
| 开本: | 21cm | |
| 丛书名: | ||
| 单 册: | ||
| 中图分类: | A732 | |
| 科图分类: | ||
| 主题词: | 列宁--生平事迹 , 列宁--传记 | |
| 电子资源: | ||
| ISBN: | ||
| 000 | 00662nam0 2200205 450 | |
| 001 | 0653685859 | |
| 005 | 20060719145625.54 | |
| 010 | @dCNY0.44 | |
| 100 | @a20060719d1957 km y0chiy0120 ea | |
| 101 | 0 | @achi |
| 102 | @aCN@b110000 | |
| 200 | 1 | @a列宁为科学社会主义与工人运动相结合而斗争@Alie ning wei ke xue she hui zhu yi yu gong ren yun dong xiang jie he er dou zheng@f(苏)巴甫洛夫报告@F(su)ba fu luo fu bao gao |
| 210 | @a北京@c中国人民大学出版社@d1957 | |
| 215 | @a121页@d21cm | |
| 606 | 0 | @a列宁@x生平事迹 |
| 606 | 0 | @a列宁@x传记 |
| 690 | @aA732@v3 | |
| 701 | 0 | @a巴甫洛夫报告@Aba fu luo fu bao gao |
| 801 | 0 | @aCN@bPFT@c20060719 |
| 905 | @a10447@dA732@e120 | |
| 列宁为科学社会主义与工人运动相结合而斗争/(苏)巴甫洛夫报告.-北京:中国人民大学出版社,1957 |
| 121页;21cm |
| ISBN :CNY0.44 |
| ● |
| 相关链接 |
|
|
|
|
正题名:列宁为科学社会主义与工人运动相结合而斗争
索取号:A732/120
 
预约/预借
| 序号 | 登录号 | 条形码 | 馆藏地/架位号 | 状态 | 备注 |
| 1 | 0424441 | 204244415 | 密集书库/ [索取号:A732/120] | 在馆 |